[Event "DVM U12 2021-22"]
[Site "Naumburg"]
[Date "2022.03.28"]
[Round "6"]
[White "Helms, Finn"]
[Black "Braun, Julian"]
[Result "1-0"]
[WhiteElo "1911"]
[BlackElo "1620"]
[Annotator "RC"]
[PlyCount "65"]
[EventDate "2022.03.25"]
[EventType "team-tourn"]
[EventRounds "7"]
[EventCountry "GER"]
[SourceTitle "playchess.com"]
[Source "ChessBase"]
[SourceQuality "1"]
[TimeControl "40/5400+30:1800+30"]

1. e4 {[%emt 0:00:07]} e5 {[%emt 0:00:00]} 2. Nf3 {[%emt 0:00:08]} Nc6 {[%emt 0:00:01]} 3. Bc4 {[%emt 0:00:10]} Nf6 {[%emt 0:00:04]} 4. d3 {[%emt 0:00:27]} Bc5 {[%emt 0:00:01]} 5. c3 {[%emt 0:00:34]} a6 {[%emt 0:00:13]} 6. O-O {[%emt 0:00:22]} O-O {[%emt 0:00:25]} 7. a4 {[%emt 0:00:37]} Ba7 {[%emt 0:04:44]} 8. Be3 {[%emt 0:01:13]} d6 {[%emt 0:06:03]} 9. Nbd2 {[%emt 0:02:13]} Be6 {[%emt 0:04:16]} 10. Re1 {[%emt 0:04:13]} Re8 {[%emt 0:03:47]} 11. Bxe6 {[%emt 0:09:08]} fxe6 {[%emt 0:00:39]} 12. Bxa7 {[%emt 0:00:13]} Rxa7 {[%emt 0:01:03]} 13. d4 {[%emt 0:01:03]} exd4 {[%emt 0:00:12]} 14. cxd4 {[%emt 0:00:27]} e5 {[%emt 0:01:03]} 15. Qb3+ {[%emt 0:00:45]} Kh8 {[%emt 0:02:06]} 16. Ng5 {[%emt 0:00:39]} Rf8 {[%emt 0:01:31]} 17. Nf7+ {[%emt 0:04:32]} Rxf7 {[%emt 0:00:02]} 18. Qxf7 {[%emt 0:00:04]} Nxd4 {[%emt 0:00:41]} 19. Rac1 {[%emt 0:01:05]} c6 {[%emt 0:07:37]} 20. Rc3 {[%emt 0:03:37]} Ra8 {[%emt 0:04:57]} 21. Nf3 {[%emt 0:02:31]} Nxf3+ {[%emt 0:01:03]} 22. Rxf3 {[%emt 0:00:33]} Rb8 {[%emt 0:02:15]} 23. Rd3 {[%emt 0:03:01]} Qa5 {[%emt 0:04:44]} 24. Ree3 {[%emt 0:02:01]} Qxa4 {[%emt 0:02:00]} 25. h3 {[%emt 0:02:47]} Rg8 {[%emt 0:06:43]} 26. Rxd6 {[%emt 0:01:27]} Nxe4 {[%emt 0:01:36]} 27. Rd7 {[%emt 0:01:23]} b5 {[%emt 0:05:51]} 28. Re7 {[%emt 0:05:17]} Qd4 {[%emt 0:04:14]} 29. Rxe4 {[%emt 0:01:23]} Qxe4 {[%emt 0:00:48]} 30. Re8 {[%emt 0:00:12]} Qb1+ {[%emt 0:01:06]} 31. Kh2 {[%emt 0:00:39]} Qh1+ {[%emt 0:00:13]} 32. Kxh1 {[%emt 0:00:04]} Rxe8 {[%emt 0:00:02]} 33. Qxe8# {[%emt 0:00:02]} 1-0

[Event "DVM U12 2021-22"]
[Site "Naumburg"]
[Date "2022.03.28"]
[Round "6"]
[White "Haubold, Christian Lucas"]
[Black "Zobel, Christian"]
[Result "0-1"]
[WhiteElo "1808"]
[BlackElo "1547"]
[Annotator "NA RC"]
[PlyCount "66"]
[EventDate "2022.03.25"]
[EventType "team-tourn"]
[EventRounds "7"]
[EventCountry "GER"]
[SourceTitle "playchess.com"]
[Source "ChessBase"]
[SourceQuality "1"]
[TimeControl "40/5400+30:1800+30"]

{[%evp 16,62,37,6,61,25,39,32767,-7,32767,32767,-48,32767,32767,32767,32767,32767,32767,32767,-314,32767,-297,-305,-321,32767,-355,-382,-454,-493,-512,-537,-537,32767,-553,-563,32767,-527,32767,32767,32767,-589,-694,-772,-693,-810,-1740,-1983,-1322,-1345]} 1. e4 {[%emt 0:00:03]} e5 {[%emt 0:00:04]} 2. Nf3 {[%emt 0:00:06]} Nf6 {[%emt 0:00:04]} 3. Nxe5 {[%emt 0:00:35]} d6 {[%emt 0:00:05]} 4. Nf3 {[%emt 0:00:25]} Nxe4 {[%emt 0:00:06]} 5. d4 {[%emt 0:00:42]} d5 {[%emt 0:00:39]} 6. Bd3 {[%emt 0:00:46]} Bd6 {[%emt 0:01:06]} 7. O-O {[%emt 0:01:06]} O-O {[%emt 0:02:10]} 8. c4 {[%emt 0:02:11]} c6 {[%emt 0:02:01]} 9. Qc2 {[%emt 0:01:24]} (9. Re1 $14) 9... f5 {[%emt 0:04:53]} (9... Na6 $11) 10. Nc3 {[%emt 0:04:54]} Be6 {[%emt 0:04:38]} 11. b3 {[%emt 0:08:32]} Nd7 {[%emt 0:05:19]} 12. Re1 {[%emt 0:15:54]} Bf7 {[%emt 0:06:43]} 13. a3 {[%emt 0:12:24]} Rc8 {[%emt 0:06:07]} 14. c5 {[%emt 0:05:44]} Bb8 {[%emt 0:03:56]} 15. Ne2 {[%emt 0:10:57]} Bh5 {[%emt 0:09:09]} 16. Bxe4 {[%emt 0:01:18]} fxe4 {[%emt 0:02:25]} 17. Ng5 {[%emt 0:01:24]} Qf6 {[%emt 0:04:48]} 18. Be3 {[%emt 0:01:58]} (18. Ng3 $142 Bxg3 19. fxg3) 18... h6 {[%emt 0:03:48]} 19. Nh3 {[%emt 0:01:08]} Bg4 {[%emt 0:02:08]} 20. Nhf4 {[%emt 0:04:47]} g5 {[%emt 0:01:01]} ({Worse is} 20... Qh4 21. h3 Bxe2 22. Nxe2 $17) 21. Nh3 {[%emt 0:00:28]} Bxh3 {[%emt 0:00:06]} 22. gxh3 {[%emt 0:00:05]} Qf5 {[%emt 0:02:38]} 23. Ng3 {[%emt 0:01:39]} Qxh3 {[%emt 0:00:29]} 24. Qe2 {[%emt 0:02:40]} Rf3 {[%emt 0:05:14]} 25. Qf1 {[%emt 0:00:37]} Qh4 {[%emt 0:02:26]} 26. Qg2 {[%emt 0:03:07]} Nf6 {[%emt 0:02:53]} 27. b4 {[%emt 0:02:37]} Nh5 {[%emt 0:02:03]} 28. a4 {[%emt 0:04:41]} Nxg3 {[%emt 0:02:28]} 29. hxg3 {[%emt 0:01:03] [#]} Bxg3 $1 {[%emt 0:00:07]} 30. Kf1 {[%emt 0:00:17]} Rcf8 {[%emt 0:01:27]} 31. Ra2 {[%emt 0:00:18]} Bf4 $19 {[%emt 0:01:07]} 32. Bxf4 {[%emt 0:00:42]} R3xf4 {[%emt 0:00:09]} 33. Ree2 {[%emt 0:00:24]} Rg4 {[%emt 0:00:11]} 0-1

[Event "DVM U12 2021-22"]
[Site "Naumburg"]
[Date "2022.03.28"]
[Round "6"]
[White "Burkart, Lloyd Shang"]
[Black "Zhang, Yibo"]
[Result "0-1"]
[WhiteElo "1681"]
[BlackElo "1397"]
[Annotator "NA RC"]
[PlyCount "100"]
[EventDate "2022.03.25"]
[EventType "team-tourn"]
[EventRounds "7"]
[EventCountry "GER"]
[SourceTitle "playchess.com"]
[Source "ChessBase"]
[SourceQuality "1"]
[TimeControl "40/5400+30:1800+30"]

1. Nf3 {[%emt 0:00:17]} d5 {[%emt 0:00:21]} 2. c4 {[%emt 0:00:25]} e6 {[%emt 0:00:08]} 3. g3 {[%emt 0:00:31]} c6 {[%emt 0:00:19]} 4. Bg2 {[%emt 0:01:02]} dxc4 {[%emt 0:00:42]} 5. Qc2 {[%emt 0:00:32]} b5 {[%emt 0:01:57]} 6. a4 {[%emt 0:04:10]} Bb7 {[%emt 0:01:27]} 7. b3 {[%emt 0:03:12]} cxb3 {[%emt 0:01:26]} 8. Qxb3 {[%emt 0:00:08]} b4 {[%emt 0:01:21]} 9. Bb2 {[%emt 0:06:21]} a5 {[%emt 0:03:50]} 10. O-O {[%emt 0:00:58]} Nf6 {[%emt 0:00:38]} 11. d3 {[%emt 0:05:28]} Be7 {[%emt 0:01:00]} 12. Nbd2 {[%emt 0:00:40]} O-O {[%emt 0:01:47]} 13. Rac1 {[%emt 0:00:51]} c5 {[%emt 0:11:29]} 14. Rfd1 {[%emt 0:04:47]} Na6 {[%emt 0:07:07]} 15. Nc4 {[%emt 0:05:51]} Nd7 16. e3 {[%emt 0:11:56]} Qc7 {[%emt 0:08:39]} 17. e4 {[%emt 0:09:23]} Rfd8 {[%emt 0:03:17]} 18. Nfe5 {[%emt 0:07:11]} Nab8 {[%emt 0:07:44]} 19. f4 {[%emt 0:06:57]} Nxe5 {[%emt 0:10:14]} 20. Bxe5 {[%emt 0:03:37]} Qc6 {[%emt 0:00:32]} 21. Ne3 {[%emt 0:05:58]} Qa6 {[%emt 0:01:41]} 22. h4 {[%emt 0:09:40]} Nc6 {[%emt 0:02:26]} 23. Ba1 {[%emt 0:00:36]} Nd4 {[%emt 0:00:52]} 24. Bxd4 {[%emt 0:00:27]} Rxd4 {[%emt 0:00:45]} 25. Nc4 {[%emt 0:02:16]} Rad8 {[%emt 0:06:48]} 26. Rd2 {[%emt 0:02:02]} Bf6 {[%emt 0:08:49]} 27. Rcd1 {[%emt 0:05:05]} R4d7 {[%emt 0:00:56]} 28. e5 {[%emt 0:00:55]} Be7 {[%emt 0:01:41]} 29. Bxb7 {[%emt 0:00:44]} Rxb7 {[%emt 0:00:28]} 30. Kf2 {[%emt 0:00:25]} Rbd7 {[%emt 0:01:07]} 31. Qb2 {[%emt 0:01:40]} Rd4 {[%emt 0:02:21]} 32. Qb3 {[%emt 0:00:16]} h6 {[%emt 0:00:19]} 33. Ke3 {[%emt 0:01:18]} Kh8 {[%emt 0:00:58]} 34. Rg1 {[%emt 0:00:32]} f6 {[%emt 0:00:42]} 35. Rf1 {[%emt 0:00:36]} Kg8 {[%emt 0:02:31]} 36. Rfd1 {[%emt 0:00:51]} Kf8 {[%emt 0:01:20]} 37. Re1 {[%emt 0:00:23]} g5 {[%emt 0:00:31]} 38. hxg5 {[%emt 0:00:25]} hxg5 {[%emt 0:03:19]} 39. Rf1 {[%emt 0:00:53]} Ke8 {[%emt 0:01:04]} 40. Rg1 {[%emt 0:00:37]} g4 {[%emt 0:01:16]} 41. Rf1 {[%emt 0:30:31]} f5 {[%emt 0:30:53]} 42. Rff2 {[%emt 0:00:00]} Qc6 {[%emt 0:00:00]} 43. Rd1 {[%emt 0:00:00]} Qe4+ {[%emt 0:00:00]} 44. Kd2 {[%emt 0:00:00]} Rxd3+ {[%emt 0:00:00]} 45. Kc1 {[%emt 0:00:00]} Rxb3 {[%emt 0:00:00]} 46. Rxd8+ {[%emt 0:00:00]} Kxd8 {[%emt 0:00:00]} 47. Rd2+ {[%emt 0:00:00]} Kc7 {[%emt 0:00:00]} 48. Nb2 {[%emt 0:00:00]} Qe1+ {[%emt 0:00:00]} 49. Rd1 {[%emt 0:00:00]} Qc3+ {[%emt 0:00:00]} 50. Kb1 {[%emt 0:00:00]} Qxb2# {[%emt 0:00:00]} 0-1

[Event "DVM U12 2021-22"]
[Site "Naumburg"]
[Date "2022.03.28"]
[Round "6"]
[White "Wartenberg, Alissa"]
[Black "Zimmer, Tim"]
[Result "1-0"]
[WhiteElo "1670"]
[BlackElo "1170"]
[Annotator "TA"]
[PlyCount "73"]
[EventDate "2022.03.25"]
[EventType "team-tourn"]
[EventRounds "7"]
[EventCountry "GER"]
[SourceTitle "playchess.com"]
[Source "ChessBase"]
[SourceQuality "1"]

{[%evp 22,73,1,-2,14,10,12,0,26,23,31,10,41,29,302,291,235,222,602,600,594,603,587,543,543,543,529,525,545,524,552,543,727,714,695,665,664,606,689,578,842,842,828,808,885,810,899,885,1008,970,889,845,1145,1154]} 1. e4 e5 2. Nf3 Nc6 3. Nc3 Nf6 4. d4 exd4 5. Nxd4 Bb4 6. Nxc6 bxc6 7. Bd3 d5 8. exd5 cxd5 9. O-O O-O 10. Bg5 c6 11. Qf3 Bd6 12. h3 Bd7 {C47: Scotch Four Knights and Four Knights with 4 g3.} 13. Rfe1 Rb8 14. Rab1 {[#]} Rb7 $146 {The position is equal.} ({Predecessor:} 14... h6 15. Bf4 Be6 16. Ne2 c5 17. c3 Re8 18. b3 Bxf4 19. Nxf4 Qd6 20. Rbd1 Rbd8 {1-0 (41) Salmi,I (2434)-Krzyzanowski,W (2461) ICCF email 2008}) 15. Ne2 {[%cal Bc3e2,Be2g3,Bg3h5][%mdl 32]} Re8 16. b3 Rb8 17. Ng3 {Hoping for Rxe8+.} Be5 $2 {[%mdl 8192] [#]} (17... Qa5 $11 {and Black has nothing to worry.} 18. c3 Rxe1+ 19. Rxe1 Re8) 18. Nh5 $18 {[%cal Oe1e5]} h6 19. Rxe5 Rxe5 $2 (19... hxg5 20. Rxg5 Nxh5 21. Qxh5 (21. Rxh5 Qf6 $16) 21... Qf6) 20. Nxf6+ {White is clearly winning.} Kh8 21. Nxd7 Qxd7 22. Bf4 Rbe8 23. Bxe5 Rxe5 24. Qf4 Qe7 25. c4 g5 26. Qf3 d4 27. Qxc6 Kg7 28. Bf1 Rf5 29. b4 Qe5 30. Qa4 Qe4 31. Qb3 {[#] Threatens to win with Bd3.} Qf4 32. Qg3 Qd2 33. a3 h5 34. h4 g4 35. Bd3 Rf6 36. Rf1 Qa2 37. Qe5 {[%csl LRd4,LRh5] White took control after the opening.  Weighted Error Value: White=0.11 (very precise) /Black=0.74} 1-0

[Event "DVM U12 2021-22"]
[Site "Naumburg"]
[Date "2022.03.28"]
[Round "6"]
[White "Xue, Luka"]
[Black "Barthel, Jacob"]
[Result "1-0"]
[WhiteElo "1610"]
[BlackElo "1321"]
[Annotator "NA RC"]
[PlyCount "147"]
[EventDate "2022.03.25"]
[EventType "team-tourn"]
[EventRounds "7"]
[EventCountry "GER"]
[SourceTitle "playchess.com"]
[Source "ChessBase"]
[SourceQuality "1"]
[TimeControl "40/5400+30:1800+30"]

1. d4 {[%emt 0:00:04]} d5 {[%emt 0:00:08]} 2. c4 {[%emt 0:00:08]} e6 {[%emt 0:00:10]} 3. Nc3 {[%emt 0:00:04]} Nf6 {[%emt 0:00:09]} 4. Bg5 {[%emt 0:00:07]} c6 {[%emt 0:00:58]} 5. cxd5 {[%emt 0:00:16]} exd5 {[%emt 0:00:11]} 6. e3 {[%emt 0:00:14]} Bf5 {[%emt 0:00:20]} 7. Qf3 {[%emt 0:00:24]} Bg6 {[%emt 0:11:24]} 8. Bxf6 {[%emt 0:00:06]} Qxf6 {[%emt 0:01:43]} 9. Qxf6 {[%emt 0:00:08]} gxf6 {[%emt 0:00:05]} 10. Nf3 {[%emt 0:02:40]} h5 {[%emt 0:00:40]} 11. g3 {[%emt 0:01:08]} Bd6 {[%emt 0:00:43]} 12. Bh3 {[%emt 0:01:12]} Na6 {[%emt 0:12:35]} 13. a3 {[%emt 0:02:05]} Nc7 {[%emt 0:00:56]} 14. Nh4 {[%emt 0:00:57]} Rg8 {[%emt 0:10:54]} 15. Nf5 {[%emt 0:02:09]} Bxf5 {[%emt 0:10:05]} 16. Bxf5 {[%emt 0:00:19]} Ne6 {[%emt 0:02:57]} 17. b4 {[%emt 0:07:46]} b5 {[%emt 0:03:34]} 18. Ke2 {[%emt 0:15:38]} Ke7 {[%emt 0:02:01]} 19. Na2 {[%emt 0:05:56]} Ng7 {[%emt 0:03:36]} 20. Bh3 {[%emt 0:03:31]} f5 {[%emt 0:01:37]} 21. Nc1 {[%emt 0:01:42]} Kf6 {[%emt 0:03:31]} 22. Nb3 {[%emt 0:03:25]} Rgc8 {[%emt 0:03:37]} 23. Rhc1 {[%emt 0:03:25]} Ne6 {[%emt 0:02:20]} 24. Rc3 {[%emt 0:05:20]} Rc7 {[%emt 0:00:55]} 25. Rac1 {[%emt 0:00:42]} Rac8 {[%emt 0:01:39]} 26. Na5 {[%emt 0:01:32]} Nd8 {[%emt 0:02:21]} 27. Bg2 {[%emt 0:06:45]} Ke6 {[%emt 0:04:12]} 28. f4 {[%emt 0:04:22]} Be7 {[%emt 0:01:38]} 29. h4 {[%emt 0:08:54]} Bf6 {[%emt 0:05:25]} 30. Bf3 {[%emt 0:01:11]} Kd6 {[%emt 0:00:20]} 31. Bxh5 {[%emt 0:01:00]} Re7 {[%emt 0:02:13]} 32. Kf2 {[%emt 0:02:06]} Re8 {[%emt 0:04:34]} 33. Bf3 {[%emt 0:01:08]} Be7 {[%emt 0:01:57]} 34. Bg2 {[%emt 0:01:17]} Rc7 {[%emt 0:02:25]} 35. Bh3 {[%emt 0:00:25]} Rh8 {[%emt 0:02:01]} 36. Bxf5 {[%emt 0:00:30]} Rh5 {[%emt 0:00:33]} 37. Bg4 {[%emt 0:00:16]} Rh8 {[%emt 0:00:27]} 38. Be2 {[%emt 0:03:01]} a6 {[%emt 0:01:28]} 39. Nb3 {[%emt 0:00:55]} Ne6 {[%emt 0:01:19]} 40. Nc5 {[%emt 0:00:22]} Nd8 {[%emt 0:01:48]} 41. Nxa6 {[%emt 0:30:31]} Rb7 {[%emt 0:02:20]} 42. Nc5 {[%emt 0:00:00]} Rb6 {[%emt 0:00:55]} 43. Nd3 {[%emt 0:00:00]} Bf6 {[%emt 0:01:02]} 44. h5 {[%emt 0:00:00]} Bg7 {[%emt 0:00:59]} 45. g4 {[%emt 0:00:00]} f6 {[%emt 0:00:24]} 46. Ne1 {[%emt 0:00:00]} Bh6 {[%emt 0:00:54]} 47. Nf3 {[%emt 0:00:00]} Rg8 {[%emt 0:00:09]} 48. Nh4 {[%emt 0:00:00]} Kd7 {[%emt 0:01:22]} 49. Nf5 {[%emt 0:00:00]} Bf8 {[%emt 0:00:11]} 50. Rg1 {[%emt 0:00:00]} Ne6 {[%emt 0:00:25]} 51. Bd3 {[%emt 0:00:00]} Rb7 {[%emt 0:01:56]} 52. Nh4 {[%emt 0:00:00]} Kd6 {[%emt 0:00:37]} 53. Bf5 {[%emt 0:00:00]} Rc7 {[%emt 0:01:50]} 54. Bxe6 {[%emt 0:00:00]} Kxe6 {[%emt 0:00:07]} 55. Ng6 {[%emt 0:00:00]} Kd6 {[%emt 0:02:08]} 56. g5 {[%emt 0:00:00]} fxg5 {[%emt 0:00:36]} 57. fxg5 {[%emt 0:00:00]} Rh7 {[%emt 0:02:35]} 58. Nf4 {[%emt 0:00:00]} Rhh8 {[%emt 0:02:11]} 59. e4 {[%emt 0:02:25]} dxe4 {[%emt 0:06:49]} 60. Rh3 {[%emt 0:02:29]} Bg7 {[%emt 0:00:48]} 61. Ke3 {[%emt 0:00:44]} Bh6 {[%emt 0:08:45]} 62. Ng6 {[%emt 0:05:20]} Rxg6 {[%emt 0:04:11]} 63. hxg6 {[%emt 0:00:41]} Bxg5+ {[%emt 0:00:20]} 64. Rxg5 {[%emt 0:00:10]} Rxh3+ {[%emt 0:00:06]} 65. Kxe4 {[%emt 0:00:07]} Rh8 {[%emt 0:01:09]} 66. g7 {[%emt 0:00:07]} Rg8 {[%emt 0:00:17]} 67. Kf5 {[%emt 0:00:07]} Ke7 {[%emt 0:00:15]} 68. Kg6 {[%emt 0:00:06]} c5 {[%emt 0:01:03]} 69. dxc5 {[%emt 0:00:15]} Rc8 {[%emt 0:00:29]} 70. Kh7 {[%emt 0:00:15]} Rh8+ {[%emt 0:00:35]} 71. gxh8=Q {[%emt 0:00:21]} Ke6 {[%emt 0:00:17]} 72. Re5+ {[%emt 0:00:21]} Kd7 {[%emt 0:00:17]} 73. Qe8+ {[%emt 0:00:07]} Kc7 {[%emt 0:00:09]} 74. Re7# 1-0

[Event "DVM U12 2021-22"]
[Site "Naumburg"]
[Date "2022.03.28"]
[Round "6"]
[White "Fruth, David"]
[Black "Moldovan, Tatiana"]
[Result "1-0"]
[WhiteElo "1607"]
[BlackElo "1403"]
[Annotator "TA"]
[PlyCount "85"]
[EventDate "2022.03.25"]
[EventType "team-tourn"]
[EventRounds "7"]
[EventCountry "GER"]
[SourceTitle "playchess.com"]
[Source "ChessBase"]
[SourceQuality "1"]

{[%evp 13,84,30,62,43,166,183,186,181,177,172,174,126,181,184,185,194,184,67,472,224,441,457,540,398,402,393,406,386,752,745,729,743,851,818,822,328,333,324,330,317,316,302,709,333,382,378,433,419,898,895,831,875,876,865,1456,1341,6495,11812,4767,3197,6504,6336,5098,5106,6233,6229,6229,5891,29976,12835,29998,29999,29999]} 1. e4 c5 2. Nf3 a6 3. c3 d5 4. exd5 Qxd5 5. d4 e6 6. Be2 Nf6 7. O-O Be7 8. Ne5 {B28: Sicilian: 2 Nf3 a6 (O'Kelly Variation).} Nc6 (8... O-O $14) 9. Bf3 $18 Qd6 10. Nxc6 {White is clearly better.} bxc6 {[#]} 11. Bf4 $146 {[%mdl 512]} ({Predecessor:} 11. dxc5 Qxc5 12. Be3 Qb5 13. c4 Qb7 14. Nc3 Bd7 15. Na4 O-O 16. Qc2 Qc7 17. Nc5 {1-0 (28) Kasparov,G (2849)-Deurne Deurne 2000}) 11... Qd7 (11... Qxf4 12. Bxc6+) 12. dxc5 (12. Qa4 $18 Bb7 13. dxc5) 12... Bxc5 (12... O-O $16 {was necessary.} 13. Qxd7 Bxd7) 13. Qa4 $1 $36 {[%mdl 2048] Keeping Black busy.} Bb7 14. Rd1 $1 Qc8 (14... Nd5 $2 15. c4 $18) 15. Bd6 (15. Be5 $18) 15... Ba7 $2 {[%mdl 8192]} (15... Bxd6 $14 16. Rxd6 O-O) 16. Be5 (16. Nd2 $142) 16... Kf8 $2 (16... Bb8) 17. Qb4+ (17. Qf4 Nd5 18. Qg3 f6 $18) 17... Ke8 18. Na3 {[%cal Bb1a3,Ba3c4,Bc4d6][%mdl 32] Hoping for Nc4.} Nd5 19. Qg4 (19. Bxd5 cxd5 20. Qg4 (20. Bxg7 Rg8 $16) 20... Rg8 $16) 19... Rg8 20. Nc4 Ke7 (20... Bb8 21. Nd6+ Bxd6 22. Bxd6 Nf6) 21. Nd6 Qd7 22. c4 Bb8 23. cxd5 cxd5 {[#]} 24. Qb4 $2 Bxd6 25. Bxd6+ Qxd6 26. Qxb7+ Kf6 27. Qb3 {[%cal Rf3d5]} Rgc8 $2 {[#]} (27... g6 28. Rac1 Rgc8) 28. Qe3 (28. Bxd5 $142 $1 exd5 29. Rxd5) 28... Rab8 29. b3 ({Not} 29. h4 Qe5 30. b3 Qxe3 31. fxe3 Ke5 $18) 29... Rb7 30. Qd4+ Kg6 (30... Qe5 $142 31. Qh4+ Qg5 32. Qxh7 Rb6) 31. Qg4+ Kf6 {[#]} 32. Bxd5 $1 {[%mdl 512] aiming for Qh4+.} Rb4 33. Bc4 Qc6 34. Qh4+ g5 35. Qh6+ Ke7 36. Qxg5+ Kf8 37. Qh6+ Ke7 38. Qh4+ Ke8 39. Qxh7 {Rd3 would kill now.} Rbb8 40. Rac1 Qb7 {[#]} 41. Bxe6 $1 Rxc1 (41... fxe6 42. Qxb7) 42. Qg8+ Ke7 43. Qxf7# {Weighted Error Value: White=0.58/Black=0.83} 1-0

[Event "DVM U12 2021-22"]
[Site "Naumburg"]
[Date "2022.03.28"]
[Round "6"]
[White "Dorendorf, Mika"]
[Black "Detjen, Mattes"]
[Result "1-0"]
[WhiteElo "1550"]
[BlackElo "1124"]
[Annotator "COMBH"]
[PlyCount "51"]
[EventDate "2022.03.25"]
[EventType "team-tourn"]
[EventRounds "7"]
[EventCountry "GER"]
[SourceTitle "playchess.com"]
[Source "ChessBase"]
[SourceQuality "1"]
[TimeControl "40/5400+30:1800+30"]

1. e4 {[%emt 0:00:01]} e5 {[%emt 0:00:09]} 2. Nf3 {[%emt 0:00:03]} Nc6 {[%emt 0:00:08]} 3. d4 {[%emt 0:00:04]} exd4 {[%emt 0:00:37]} 4. Bc4 {[%emt 0:00:05]} Nf6 {[%emt 0:00:07]} 5. O-O {[%emt 0:00:06]} Nxe4 {[%emt 0:00:22]} 6. Re1 {[%emt 0:00:04]} d5 {[%emt 0:00:10]} 7. Bxd5 {[%emt 0:00:05]} Qxd5 {[%emt 0:00:08]} 8. Nc3 {[%emt 0:00:03]} Qd8 {[%emt 0:00:43]} 9. Rxe4+ {[%emt 0:00:46]} Be6 {[%emt 0:01:30]} 10. Nxd4 {[%emt 0:00:57]} Nxd4 {[%emt 0:02:05]} 11. Rxd4 {[%emt 0:00:39]} Bd6 {[%emt 0:02:08]} 12. Nb5 {[%emt 0:00:17]} Ke7 {[%emt 0:03:17]} 13. Bf4 {[%emt 0:00:31]} Kf8 {[%emt 0:05:27]} 14. Nxc7 {[%emt 0:02:03]} Rc8 {[%emt 0:02:39]} 15. Nxe6+ {[%emt 0:00:55]} fxe6 {[%emt 0:02:13]} 16. Rxd6 {[%emt 0:00:06]} Qf6 {[%emt 0:03:08]} 17. Qd4 {[%emt 0:00:47]} Qf7 {[%emt 0:02:23]} 18. Rd7 {[%emt 0:00:06]} Qf6 {[%emt 0:04:20]} 19. Be5 {[%emt 0:00:26]} Qg6 {[%emt 0:00:38]} 20. Qd6+ {[%emt 0:00:23]} Kg8 {[%emt 0:00:54]} 21. Rxg7+ {[%emt 0:00:33]} Qxg7 {[%emt 0:00:14]} 22. Bxg7 {[%emt 0:00:08]} Kxg7 {[%emt 0:00:03]} 23. Qe7+ {[%emt 0:00:07]} Kg6 {[%emt 0:00:49]} 24. Qxe6+ {[%emt 0:00:06]} Kg7 {[%emt 0:00:49]} 25. Rd1 {[%emt 0:00:39]} Rcd8 {[%emt 0:01:01]} 26. Qe7+ {[%emt 0:00:45]} 1-0

[Event "DVM U12 2021-22"]
[Site "Naumburg"]
[Date "2022.03.28"]
[Round "6"]
[White "Stettner, Oskar"]
[Black "Flierl, Veronika"]
[Result "0-1"]
[WhiteElo "1446"]
[BlackElo "1356"]
[Annotator "NA RC"]
[PlyCount "116"]
[EventDate "2022.03.25"]
[EventType "team-tourn"]
[EventRounds "7"]
[EventCountry "GER"]
[SourceTitle "playchess.com"]
[Source "ChessBase"]
[SourceQuality "1"]
[TimeControl "40/5400+30:1800+30"]

1. e4 {[%emt 0:00:04]} c6 {[%emt 0:00:06]} 2. d4 {[%emt 0:00:11]} d5 {[%emt 0:00:04]} 3. exd5 {[%emt 0:00:13]} cxd5 {[%emt 0:00:09]} 4. c4 {[%emt 0:00:03]} e6 {[%emt 0:00:41]} 5. Nc3 {[%emt 0:00:30]} h6 {[%emt 0:03:45]} 6. Nf3 {[%emt 0:00:44]} Nf6 {[%emt 0:01:04]} 7. cxd5 {[%emt 0:09:08]} exd5 {[%emt 0:00:21]} 8. Bd3 {[%emt 0:01:35]} Bd6 {[%emt 0:05:09]} 9. O-O {[%emt 0:01:49]} O-O {[%emt 0:00:22]} 10. h3 {[%emt 0:04:07]} Nc6 {[%emt 0:02:08]} 11. Be3 {[%emt 0:02:10]} Re8 {[%emt 0:03:06]} 12. Rc1 {[%emt 0:05:29]} Bb8 {[%emt 0:08:04]} 13. Re1 {[%emt 0:08:05]} a6 {[%emt 0:01:25]} 14. Bd2 {[%emt 0:04:41]} Rxe1+ {[%emt 0:06:34]} 15. Qxe1 {[%emt 0:01:08]} Qd6 {[%emt 0:01:35]} 16. Be3 {[%emt 0:01:33]} Be6 {[%emt 0:04:56]} 17. Qd2 {[%emt 0:04:51]} Ne7 {[%emt 0:09:41]} 18. Ne2 {[%emt 0:12:01]} Ne4 {[%emt 0:04:52]} 19. Bxe4 {[%emt 0:00:10]} dxe4 {[%emt 0:06:43]} 20. Bf4 {[%emt 0:10:54]} Qd5 {[%emt 0:06:32]} 21. Ne5 Nf5 22. b3 {[%emt 0:06:24]} Nh4 {[%emt 0:05:26]} 23. Nc3 {[%emt 0:02:30]} e3 {[%emt 0:02:22]} 24. Nxd5 {[%emt 0:01:28]} exd2 {[%emt 0:00:10]} 25. Ne7+ {[%emt 0:03:35]} Kf8 {[%emt 0:00:50]} 26. Bxd2 {[%emt 0:01:34]} Kxe7 {[%emt 0:00:33]} 27. Bb4+ {[%emt 0:01:26]} Kf6 {[%emt 0:02:45]} 28. Ng4+ {[%emt 0:01:59]} Kf5 {[%emt 0:04:22]} 29. d5 {[%emt 0:05:09]} Bxd5 {[%emt 0:04:28]} 30. Ne3+ {[%emt 0:00:51]} Ke6 {[%emt 0:00:12]} 31. Nxd5 {[%emt 0:00:29]} Kxd5 32. Rc5+ {[%emt 0:00:46]} Ke6 {[%emt 0:00:40]} 33. g3 {[%emt 0:00:09]} Bd6 {[%emt 0:03:32]} 34. gxh4 {[%emt 0:01:17]} Bxc5 {[%emt 0:00:13]} 35. Bxc5 {[%emt 0:00:04]} h5 {[%emt 0:02:05]} 36. b4 {[%emt 0:01:09]} Rd8 {[%emt 0:00:40]} 37. a4 {[%emt 0:00:24]} Rd1+ {[%emt 0:02:49]} 38. Kg2 {[%emt 0:01:12]} Rc1 {[%emt 0:05:48]} 39. Kg3 {[%emt 0:00:30]} Rxc5 {[%emt 0:03:18]} 40. bxc5 {[%emt 0:00:11]} Kd5 {[%emt 0:00:13]} 41. Kf4 {[%emt 0:31:25]} Kxc5 {[%emt 0:31:16]} 42. a5 {[%emt 0:02:14]} Kb4 {[%emt 0:00:00]} 43. Ke5 {[%emt 0:00:00]} Kxa5 {[%emt 0:00:00]} 44. Kd6 {[%emt 0:00:00]} Kb5 {[%emt 0:00:00]} 45. Ke7 {[%emt 0:00:00]} a5 {[%emt 0:00:00]} 46. Kxf7 {[%emt 0:00:00]} a4 {[%emt 0:00:00]} 47. Kxg7 {[%emt 0:00:00]} a3 {[%emt 0:00:00]} 48. f4 {[%emt 0:00:00]} a2 {[%emt 0:00:00]} 49. f5 {[%emt 0:00:00]} a1=Q+ {[%emt 0:00:00]} 50. f6 {[%emt 0:00:00]} Kc6 {[%emt 0:00:00]} 51. Kg6 {[%emt 0:00:00]} Kd7 {[%emt 0:00:00]} 52. Kf7 {[%emt 0:00:00]} b5 {[%emt 0:00:00]} 53. Kg6 {[%emt 0:00:00]} b4 {[%emt 0:00:00]} 54. Kf7 {[%emt 0:00:00]} b3 {[%emt 0:00:00]} 55. Kg6 {[%emt 0:00:00]} b2 {[%emt 0:00:00]} 56. Kf7 {[%emt 0:00:00]} b1=Q {[%emt 0:00:00]} 57. Kg8 {[%emt 0:00:00]} Qg6+ {[%emt 0:00:00]} 58. Kh8 {[%emt 0:00:00]} Qaxf6# {[%emt 0:00:00]} 0-1